| 000 | 00858nam a22002415i 4500 | ||
|---|---|---|---|
| 001 | 53290 | ||
| 003 | ES-MaACL | ||
| 005 | 20250817051947.0 | ||
| 007 | t| | ||
| 008 | 950914m18841885fr af ||||1| fre d | ||
| 040 |
_aCAM _bspa _cCAM |
||
| 100 | 1 |
_aDutuit, Eugène. _946365 |
|
| 245 | 1 | 0 |
_aManuel de l'amateur d'estampes / _cpar Eugène Dutuit. |
| 260 |
_aParis : _bA. Lèvy ; _aLondres : _bDulau et Cie, _c1884 ( _fPillet et Dumoulin) |
||
| 300 |
_a<6> v. ; _c30 cm. |
||
| 500 | _aFaltan t. 2 y 3. | ||
| 505 | 8 | _aContiene: T. 1 (1ª y 2ª parte): Introduction générale -- T. 4, 5 y 6: Ecoles flamande et hollandaise -- T. 7: Planches xylographiques (tome I) | |
| 650 | 1 | 7 |
_aGrabado _2embne _913138 |
| 700 | 1 |
_aLèvy, A., _eed. _9230243 |
|
| 710 | 2 |
_aDulau et C., _eed. _9230244 |
|
| 852 |
_aES-MaACL _jF-12493-8 |
||
| 999 |
_c53290 _d53290 |
||